<?xml version="1.0" encoding="UTF-8"?>
<record
    xmlns:xsi="http://www.w3.org/2001/XMLSchema-instance"
    xsi:schemaLocation="http://www.loc.gov/MARC21/slim http://www.loc.gov/standards/marcxml/schema/MARC21slim.xsd"
    xmlns="http://www.loc.gov/MARC21/slim">

  <leader>00409nam a2200145Ia 4500</leader>
  <controlfield tag="008">230519s9999    xx            000 0 und d</controlfield>
  <datafield tag="020" ind1=" " ind2=" ">
    <subfield code="a">978-93-81390-62-7</subfield>
  </datafield>
  <datafield tag="041" ind1=" " ind2=" ">
    <subfield code="a">eng</subfield>
  </datafield>
  <datafield tag="082" ind1=" " ind2=" ">
    <subfield code="a">AD/610.7/CHA/DB0113</subfield>
  </datafield>
  <datafield tag="100" ind1=" " ind2=" ">
    <subfield code="a">Chanda Eshita</subfield>
  </datafield>
  <datafield tag="245" ind1=" " ind2=" ">
    <subfield code="a">Examination Master in Communication and Educational Technology</subfield>
  </datafield>
  <datafield tag="260" ind1=" " ind2=" ">
    <subfield code="b">S Vikas and Co</subfield>
    <subfield code="a">Jalandhar</subfield>
    <subfield code="c">2012</subfield>
  </datafield>
  <datafield tag="300" ind1=" " ind2=" ">
    <subfield code="a">108p</subfield>
  </datafield>
  <datafield tag="999" ind1=" " ind2=" ">
    <subfield code="c">158937</subfield>
    <subfield code="d">158937</subfield>
  </datafield>
  <datafield tag="952" ind1=" " ind2=" ">
    <subfield code="0">0</subfield>
    <subfield code="1">0</subfield>
    <subfield code="4">0</subfield>
    <subfield code="7">0</subfield>
    <subfield code="8">AD</subfield>
    <subfield code="a">BTIN</subfield>
    <subfield code="b">BTIN</subfield>
    <subfield code="d">2012-12-11</subfield>
    <subfield code="g">135.00</subfield>
    <subfield code="i">34</subfield>
    <subfield code="l">0</subfield>
    <subfield code="o">AD 610.7 CHA DB0113</subfield>
    <subfield code="p">BTIN-DB-113</subfield>
    <subfield code="r">2023-05-19 00:00:00</subfield>
    <subfield code="w">2012-12-05</subfield>
    <subfield code="y">DB</subfield>
    <subfield code="z">DB0113</subfield>
  </datafield>
  <datafield tag="952" ind1=" " ind2=" ">
    <subfield code="0">0</subfield>
    <subfield code="1">0</subfield>
    <subfield code="4">0</subfield>
    <subfield code="7">0</subfield>
    <subfield code="8">AD</subfield>
    <subfield code="a">BTIN</subfield>
    <subfield code="b">BTIN</subfield>
    <subfield code="d">2017-10-25</subfield>
    <subfield code="g">135.00</subfield>
    <subfield code="i">34</subfield>
    <subfield code="l">0</subfield>
    <subfield code="o">AD 610.7 CHA DB0589</subfield>
    <subfield code="p">BTIN-DB-589</subfield>
    <subfield code="r">2023-05-19 00:00:00</subfield>
    <subfield code="w">2012-12-05</subfield>
    <subfield code="y">DB</subfield>
    <subfield code="z">DB0589</subfield>
  </datafield>
</record>
